000
00272nam a2200133Ia 4500
100
_a
Khurmi/R.S
942
_c
BK
654
_a
Hydraulics
245
_a
Text book of Hydraulics
260
_b
S.Chand
_a
New Delhi
_c
1991
082
_a
532
546
_a
ENGLISH
999
_c
35611
_d
35611